Pokémon - Les attaques de Paume-de-Fer - Statistiques

Statistiques générales
  • Ce quiz a été pris 10 fois
  • Le résultat moyen est 11 sur 18
Statistiques - réponses
Niveaux Types Noms des attaques % Correct
Départ Combat Cogne
100%
Départ Normal Charge
86%
Niveau 91 Combat Mitra-Poing
86%
Niveau 21 Électrique Poing Éclair
86%
Niveau 77 Acier Tacle Lourd
86%
Départ Électrique Champ Électrifié
71%
Niveau 84 Normal Cognobidon
71%
Niveau 56 Électrique Éclair Fou
71%
Départ Sol Jet de Sable
71%
Niveau 63 Combat Close Combat
57%
Niveau 35 Combat Forte-Paume
57%
Niveau 28 Normal Souplesse
57%
Niveau 7 Normal Bluff
43%
Niveau 49 Électrique Chargeur
43%
Niveau 70 Combat Détection
43%
Départ Normal Puissance
43%
Niveau 42 Combat Frappe Atlas
29%
Niveau 14 Normal Cyclone
14%
Aucun quiz correspondant
Distribution des résultats
% des personnes avec chaque résultat
Percentile par nombre de réponses
Votre historique - résultats
Vous n’avez pas pris ce quiz